Suomen maantiedettä kirjaimittain - P - Statistics

Yleistilastot
  • Tätä visaa on pelattu 143 kertaa
  • Keskiarvotulos 8 / 10
Vastaustilastot
Hint Vastaus % Oikein
Kaupunki ja Satakunnan maakuntakeskus. Pori
94%
Järvi mikä sijaitsee Päijät-Hämeen, Keski-Suomen ja Pirkanmaa maakuntien alueella. Päijänne
93%
Suomen kaupunkin minkä nimi on ruotsiksi Jakobstad. Pietarsaari
91%
Maakunta Länsi-Suomessa. Sen maakuntakeskus sijaitsee Vaasassa. Pohjanmaa
87%
Rauhansopimus mikä solmittiin 12. elokuuta 1323. Pähkinäsaaren rauha
86%
Suomen itäisin maakunta. Pohjois-Karjala
86%
Yksi suomen vanhimmista kaupungeista mistä kuvataiteilija Albert Edelfelt on kotoisin. Porvoo
85%
Helsingin kaupunginosa mikä on stadin slangiksi Rööperi. Punavuori
72%
Pohjanlahden pohjoisin osa. Perämeri
68%
Tampereen keskustan tuntumassa sijaitseva alue, mikä sijaitsee suomen korkeimmalla soraharjulla. Pispala
53%
Ehtoja vastaavia visoja ei löytynyt
Tulosjakauma
Jokaisen tuloksen saaneiden osuus
Persentiili vastausten määrän mukaan
Tuloshistoriasi
Et ole pelannut tätä visaa